|
|
|
|
| LEADER |
01242nab#a2200397#ar4500 |
| 001 |
000101113 |
| 003 |
SVKKK |
| 005 |
20100713104429.0 |
| 008 |
080707d1917 xo |||||||||||||||b|hun |
| FMT |
|
|
|
| 038 |
|
|
|a SVKKK
|
| 040 |
|
|
|a SVKKK
|b slo
|e AACR2
|
| 041 |
0 |
|
|a hun
|
| 044 |
|
|
|a xo
|c SK
|
| 080 |
|
|
|a 355/359
|2 1997
|
| 080 |
|
|
|a 929 Farkas, Ondrej
|2 1997
|
| 100 |
1 |
|
|a dr. H.
|4 aut
|
| 242 |
1 |
0 |
|a Ondrej Farkas -
|c dr. H.
|y slo
|
| 245 |
1 |
0 |
|a Farkas Andor-
|c dr. H.
|
| 246 |
3 |
6 |
|a Rubrika : Irodalom [Literatúra]
|
| 500 |
|
|
|a Popis z mikrofilmu
|
| 500 |
|
|
|a Pokračovanie
|
| 520 |
2 |
|
|a Ukážky z vojenského denníka 1. roka 1. svetovej vojny z pera mešťanosti Sátoraljaújhely prináša všedné udalosti vojaka
|
| 600 |
1 |
4 |
|a Farkas, Ondrej
|x župný úradník, mešťanosta, vojak v 1. svetovej vojne
|z Sátoraljaújhely (Slovensko/Maďarsko)
|x pôsobenie
|
| 650 |
0 |
4 |
|a opis vojnových udalostí
|x denník vojaka
|
| 655 |
|
4 |
|a hungariká
|
| 773 |
0 |
|
|t Zemplén
|g Roč. 48, č. 67-68 (25.08.1917), s. 3
|
| 957 |
|
|
|a Sátoraljaújhely
|
| 958 |
|
|
|a DG
|
| 958 |
|
|
|a HU
|
| 974 |
|
|
|a Ba
|
| 992 |
|
|
|a RBX
|
| 997 |
|
|
|a Farkas, Andor p. Farkas, Ondrej
|d Sátoraljaújhely
|
| 997 |
|
|
|a dr. H.
|4 aut
|
| BAS |
|
|
|
| 998 |
|
|
|a RETRO
|